The Price system and resource allocation. (8th ed.) (Record no. 77052)

MARC details
000 -LEADER
fixed length control field 00801nam a2200193 a 4500
008 - FIXED-LENGTH DATA ELEMENTS--GENERAL INFORMATION
fixed length control field 120416s1982 ||||||||||||||||| || u
050 ## - LIBRARY OF CONGRESS CALL NUMBER
Classification number HB 172 Lef
100 ## - MAIN ENTRY--PERSONAL NAME
Personal name Eckert, Ross D
245 14 - TITLE STATEMENT
Title The Price system and resource allocation. (8th ed.)
Statement of responsibility, etc. Richard H. Leftwich & Ross D. Eckert
250 ## - EDITION STATEMENT
Edition statement 8th ed.
260 ## - PUBLICATION, DISTRIBUTION, ETC.
Place of publication, distribution, etc. Chicago:
Name of publisher, distributor, etc. The Dryden Press
Date of publication, distribution, etc. 1982
300 ## - PHYSICAL DESCRIPTION
Extent 596p.
350 ## -
-- 0.00
650 ## - SUBJECT ADDED ENTRY--TOPICAL TERM
Topical term or geographic name entry element MICROECONOMICS
650 #0 - SUBJECT ADDED ENTRY--TOPICAL TERM
Topical term or geographic name entry element ECONOMICS
700 ## - ADDED ENTRY--PERSONAL NAME
Personal name Leftwich, Richard H
995 ## -
-- ANNEX COLLECTION (Main Library)
-- 0.00
-- 704620
-- CBU-MAIN LIBRARY (Kitwe)
-- 2
-- 0.00
-- HB 172 Lef
-- 2
-- AVAILABLE
-- 020372
-- Annex Low-Usage Collection
995 ## -
-- ANNEX COLLECTION (Main Library)
-- 0.00
-- 706777
-- CBU-MAIN LIBRARY (Kitwe)
-- 1
-- 0.00
-- HB 172 Lef
-- 1
-- AVAILABLE
-- 020260
-- Annex Low-Usage Collection
999 ## -
-- 77052
-- 77052
Holdings
Withdrawn status Lost status Source of classification or shelving scheme Damaged status Not for loan Permanent Location Current Location Shelving location Date acquired Total Checkouts Full call number Barcode Date last seen Copy number Price effective from Koha item type
          CBU-MAIN LIBRARY, KITWE. CBU-MAIN LIBRARY, KITWE.   04/25/2023   HB 172 Lef 020372 04/25/2023 1 04/25/2023 MONOGRAPH
          CBU-MAIN LIBRARY, KITWE. CBU-MAIN LIBRARY, KITWE.   04/25/2023   HB 172 Lef 020260 04/25/2023 2 04/25/2023 MONOGRAPH